书目信息 |
| 题名: |
夕阳更红·书画卷
|
|
| 作者: | 刘方成总 主编 ;姜守垣分卷 主编 | |
| 分册: | ||
| 出版信息: | 北京 中国财政经济出版社 2001 |
|
| 页数: | 179页 | |
| 开本: | 20cm | |
| 丛书名: | ||
| 单 册: | ||
| 中图分类: | Z228.3 | |
| 科图分类: | ||
| 主题词: | 汉字--书法 , 绘画--技巧 | |
| 电子资源: | ||
| ISBN: | 7-5005-5148-7 | |
| 000 | 00724nam0 2200217 450 | |
| 001 | 0733511143 | |
| 005 | 20070714111521.10 | |
| 010 | @a7-5005-5148-7@dCNY158.00(全套) | |
| 100 | @a20070710d2001 km y0chiy0120 ea | |
| 101 | 0 | @achi |
| 102 | @aCN@b110000 | |
| 200 | 1 | @a夕阳更红·书画卷@Axi yang geng hong·shu hua juan@f刘方成总主编@Fliu fang cheng zong zhu bian@g姜守垣分卷主编@Gjiang shou yuan fen juan zhu bian |
| 210 | @a北京@c中国财政经济出版社@d2001 | |
| 215 | @a179页@d20cm | |
| 606 | 0 | @a汉字@x书法 |
| 606 | 0 | @a绘画@x技巧 |
| 690 | @aZ228.3@v3 | |
| 701 | 0 | @a刘方成总@Aliu fang cheng zong@4主编 |
| 702 | 0 | @a姜守垣分卷@Ajiang shou yuan fen juan@4主编 |
| 801 | 0 | @aCN@bPFT@c20070714 |
| 905 | @a10447@dZ228.3@e187:6 | |
| 夕阳更红·书画卷/刘方成总主编/姜守垣分卷主编.-北京:中国财政经济出版社,2001 |
| 179页;20cm |
| ISBN 7-5005-5148-7:CNY158.00(全套) |
| ● |
| 相关链接 |
|
|
|
|
正题名:夕阳更红·书画卷
索取号:Z228.3/187:6
 
预约/预借
| 序号 | 登录号 | 条形码 | 馆藏地/架位号 | 状态 | 备注 |
| 1 | 0768284 | 207682845 | 第二样本阅览室/ [索取号:Z228.3/187:6] | 在馆 |